Disney Song Spree Quiz Stats

 Plays Quiz Updated Oct 14, 2017

Challenge
Share
Tweet
Embed
Score 0/194 Timer 10:00
7 Plays Today
% Correct
I
96.9%
I
96.9%
I
96.9%
I
96.9%
I
96.9%
I
96.9%
I
96.9%
I
96.9%
a
96.7%
a
96.7%
a
96.7%
a
96.7%
a
96.7%
a
96.7%
the
94.1%
the
94.1%
the
94.1%
the
94.1%
the
94.1%
you
89.8%
You
89.8%
You
89.8%
you
89.8%
you.
89.8%
you
89.8%
you
89.8%
you
89.8%
you . . .
89.8%
be.
87.4%
be
87.4%
be
87.4%
can
83.1%
can
83.1%
to
79.4%
to
79.4%
to
79.4%
me
78.4%
me,
78.4%
it
76.4%
it
76.4%
it
76.4%
so
74.1%
so
74.1%
so
74.1%
on
71.2%
of
69.3%
of
69.3%
of
69.3%
of
69.3%
when
68.5%
as
68.5%
as
68.5%
as
68.5%
as
68.5%
as
68.4%
as
68.4%
for
67.9%
For
67.9%
your
62.4%
your
62.4%
your
62.4%
they
59.1%
one
58.8%
see
58.8%
one
58.8%
% Correct
Just
58.6%
Just
58.6%
will
58.3%
will
58.3%
will
58.3%
My
57.5%
my
57.5%
my
57.5%
time,
56.7%
know
56.6%
know
56.6%
know
56.6%
then
56.2%
Then
56.2%
are
54.8%
are,
54.8%
are
54.8%
are
54.8%
man,
54.5%
man
54.5%
her
53.2%
old
53.1%
Tale
51.8%
there . . .
51.5%
out
51.3%
little
50.7%
little
50.7%
am
50%
am
50%
ever
49.9%
but
49.7%
But
49.7%
we're
49.6%
You're
49.1%
that
48.7%
make
48.6%
I'll
47.8%
say
46.8%
true
46.7%
get
45.5%
small
45.1%
small,
45.1%
down
45.1%
all
45%
all
45%
friends,
44.8%
from
44.8%
from
44.7%
Did
44.5%
even
43.2%
somebody
42.6%
Why
42.6%
bends
41.6%
unexpectedly.
41.3%
least.
40.8%
Barely
40.7%
Let's
40.5%
prepared . . .
40.4%
don't
39.7%
scared,
39.5%
bet
38.8%
asked
38.6%
defeat
38.6%
here,
38.6%
Huns.
38.5%
% Correct
business
38.4%
send
38.3%
sons?
38.2%
daughters
38.2%
neither
38.1%
not
38%
Both
37.5%
before
37.1%
through
37.1%
change,
36.3%
take
35.6%
met
35.6%
bunch
35.4%
saddest
34.7%
It's
33.5%
Mister,
33.5%
hand,
32.5%
Come
32.4%
I'm
32.3%
strong . . .
31.7%
around
29.5%
cry.
29%
seem
28.6%
hold
28.6%
protect
27.2%
tight.
26.4%
alright.
26%
stop
24.9%
tell
23.9%
crying,
23.3%
than
20.2%
words
17.4%
backside.
16%
warthog's
15.9%
matter
15.8%
pay
15.4%
wet
15.2%
powers
15.2%
much
15.2%
attention!
15.2%
pride.
15%
thick
14.8%
clear
14.2%
vacant
13.7%
lights
13.7%
retention
13.6%
upstairs . . .
13%
expressions,
12.8%
Maria,
12.3%
Maria,
12.3%
Maria.
12.3%
dancing
11.5%
righteous
11%
proud.
10.8%
weak,
10.2%
virtue
9.4%
justly
9.4%
Beata
9.2%
Beata
9.2%
purer
8.5%
common,
8.4%
crowd.
8.3%
vulgar,
7.9%
licentious
7.9%

You're not logged in!

Compare scores with friends on all Sporcle quizzes.
Join for Free
OR
Log In

You Might Also Like...

Show Comments

Extras

Top Quizzes Today


Score Distribution

Your Account Isn't Verified!

In order to create a playlist on Sporcle, you need to verify the email address you used during registration. Go to your Sporcle Settings to finish the process.

Report this User

Report this user for behavior that violates our Community Guidelines.

Details: